• 首页
  • 本馆介绍
  • 公告通知
  • 最新文献
  • 馆藏检索
  • 电子资源
  • 读者导购
  • 参考咨询
  • 我的图书馆
  • 登录
  • 详细信息显示
  • 放入我的书架
  • 预约/预借图书
  • 作者相关作品
  • 分类相关作品
  • 丛书相关作品
  • 出版社相关作品

书目信息

  • 表格格式
  • 工作单格式
  • 卡片格式
题名:
巴塘河随笔
    
 
作者: 邓鹏翔 著
分册:  
出版信息: 北京   北京联合出版公司  2015
页数: 12,206页
开本: 21cm
丛书名:
单 册:
中图分类: I227 , I267
科图分类:
主题词: 诗词--shi ci--作品集--中国--当代 , 散文集--san wen ji--中国--当代
电子资源:
ISBN: 978-7-5502-6711-4
000 00683nam0 22002411 450
001 0122100809
005 20170322100809.0
010    @a978-7-5502-6711-4@dCNY49.80
100    @a20160317d2015 em y0chiy50 ea
101 0  @achi
102    @aCN@b110000
105    @aa z 000zy
106    @ar
200 1  @a巴塘河随笔@9ba tang he sui bi@f邓鹏翔著
210    @a北京@c北京联合出版公司@d2015
215    @a12,206页@c彩照@d21cm
606 0  @a诗词@9shi ci@x作品集@y中国@z当代
606 0  @a散文集@9san wen ji@y中国@z当代
690    @aI227@v5
690    @aI267@v5
701  0 @a邓鹏翔@9deng peng xiang@f(1977~)@4著
801  0 @aCN@bTANGWEI@c20170308
905    @b0959770-3@dI227@e430@f4
    
    巴塘河随笔/邓鹏翔著.-北京:北京联合出版公司,2015
    12,206页:彩照;21cm
    
    
    ISBN 978-7-5502-6711-4:CNY49.80
    
●
相关链接 在E读中查询图书 在五车中查询图书 在当当中查询图书 在豆瓣中查询图书


正题名:巴塘河随笔     索取号:I227/430         预约/预借

序号 登录号 条形码 馆藏地/架位号 状态 备注
1 0959770   209597701   第一样本阅览室/ [索取号:I227/430] 在馆    
2 0959771   209597710   第二借阅区/ [索取号:I227/430] 在馆    
3 0959772   209597729   第二借阅区/ [索取号:I227/430] 在馆    
4 0959773   209597738   第二借阅区/ [索取号:I227/430] 在馆    
唐山师范学院图书馆 欢迎您!
大连网信软件有限公司© 版权所有